Chartered Surveyor Locally (Record no. 118934)

MARC details
000 -LEADER
fixed length control field 00703cas a22001935a 4500
001 - CONTROL NUMBER
control field L138063
008 - FIXED-LENGTH DATA ELEMENTS--GENERAL INFORMATION
fixed length control field 070515c1992 xxkbr p 0 a0eng u
035 ## - SYSTEM CONTROL NUMBER
System control number (Sirsi) u138063
041 0# - LANGUAGE CODE
Language code of text/sound track or separate title eng
110 2# - MAIN ENTRY--CORPORATE NAME
Corporate name or jurisdiction name as entry element Royal Institution of Chartered Surveyors
Subordinate unit Bedfordshire and Hertfordshire Branch
9 (RLIN) 5186
245 00 - TITLE STATEMENT
Title Chartered Surveyor Locally
Remainder of title The Periodical for the Beds and Herts Branch of the Royal Institution of Chartered Surveyors
260 ## - PUBLICATION, DISTRIBUTION, ETC.
Place of publication, distribution, etc. S.l.
Name of publisher, distributor, etc. RICS
Date of publication, distribution, etc. [199?]-
362 0# - DATES OF PUBLICATION AND/OR SEQUENTIAL DESIGNATION
Dates of publication and/or sequential designation (7) November/December 1993-(12) November/December 1994
554 ## -
-- Six per year
651 #4 - SUBJECT ADDED ENTRY--GEOGRAPHIC NAME
Geographic name BEDFORDSHIRE
651 #4 - SUBJECT ADDED ENTRY--GEOGRAPHIC NAME
Geographic name HERTFORDSHIRE
690 ## - LOCAL SUBJECT ADDED ENTRY--TOPICAL TERM (OCLC, RLIN)
Topical term or geographic name as entry element MANAGEMENT-BUSINESS MANAGEMENT-PROFESSIONAL PRACTICE
942 ## - ADDED ENTRY ELEMENTS (KOHA)
Suppress in OPAC 0
Holdings
Withdrawn status Lost status Source of classification or shelving scheme Damaged status Not for loan Home library Current library Shelving location Date acquired Total Checkouts Full call number Barcode Date last seen Price effective from Koha item type
    Dewey Decimal Classification     London London Basement 15/05/2007   CHARTERED SURVEYOR LOCALLY 138063-1001 06/08/2019 06/08/2019 Journal